[Event "Olympiad-44"]
[Site "Chennai"]
[Date "2022.08.02"]
[Round "5.3"]
[White "Matola, Ernest"]
[Black "Galvez Dastin, Eduardo Francisco"]
[Result "1/2-1/2"]
[WhiteElo "1964"]
[BlackElo "2152"]
[PlyCount "70"]
[EventDate "2022.07.29"]
[EventType "team-swiss"]
[EventRounds "11"]
[EventCountry "IND"]
[SourceTitle "CBM 210"]
[Source "ChessBase"]
[SourceDate "2022.10.31"]
[SourceVersion "1"]
[SourceVersionDate "2022.10.31"]
[SourceQuality "1"]
[WhiteTeam "Malawi"]
[BlackTeam "Guatemala"]
[WhiteTeamCountry "MWI"]
[BlackTeamCountry "GUA"]

1. Nf3 d5 2. g3 c5 3. Bg2 Nc6 4. 0-0 e5 5. d3 Nf6 6. Nbd2 Be7 7. e4 dxe4 8. dxe4 0-0 9. Re1 Qc7 10. c3 Be6 11. Ng5 Bg4 12. Qc2 Rad8 13. Nc4 h6 14. Nf3 Rfe8 15. Ne3 Be6 16. Nh4 Bf8 17. h3 g6 18. Nd5 Nxd5 19. exd5 Bxd5 20. Bxd5 Rxd5 21. Nxg6 Bg7 22. Nh4 Ne7 23. Qe4 Qd7 24. g4 Rf8 25. Be3 b6 26. Kh2 Qe6 27. Rg1 Rfd8 28. Nf5 R5d7 29. Nxe7+ Rxe7 30. g5 hxg5 31. Bxg5 f6 32. Bh4 Rf7 33. Rg6 Qd5 34. Qg4 f5 35. Qg5 Rd6 1/2-1/2

[Event "Online Olym Div3 D"]
[Site "Chess.com INT"]
[Date "2021.08.29"]
[Round "8.4"]
[White "Matola, Ernest"]
[Black "Araujo Sanchez, Josue"]
[Result "0-1"]
[WhiteElo "1950"]
[BlackElo "2310"]
[PlyCount "90"]
[EventDate "2021.08.27"]
[EventType "team-tourn (rapid)"]
[EventRounds "9"]
[EventCountry "USA"]
[SourceTitle "CBM 204 Extra"]
[Source "ChessBase"]
[SourceDate "2021.11.30"]
[SourceVersion "1"]
[SourceVersionDate "2021.11.30"]
[SourceQuality "1"]
[WhiteTeam "Malawi"]
[BlackTeam "Dominican Republic"]
[WhiteTeamCountry "MWI"]
[BlackTeamCountry "DOM"]

1. Nf3 g6 2. g3 Bg7 3. Bg2 c5 4. d3 Nc6 5. 0-0 e6 6. Nbd2 Nge7 7. e4 0-0 8. c3 b6 9. Qc2 d5 10. Re1 Ba6 11. Bf1 Qd7 12. h4 h6 13. h5 g5 14. exd5 exd5 15. Bg2 Qf5 16. c4 Rad8 17. Qa4 Bc8 18. cxd5 Rxd5 19. Nh2 Rd4 20. Qd1 Qd7 21. Bf1 Ba6 22. Ndf3 Rd5 23. Qa4 Bxd3 24. a3 Bxf1 25. Nxf1 Nd4 26. Qd1 g4 27. Nxd4 Bxd4 28. Qe2 Re5 29. Ne3 Nd5 30. Qd1 Rfe8 31. Bd2 Bxe3 32. Bxe3 Qf5 33. Qd2 Qxh5 34. Bf4 Nxf4 35. gxf4 Rxe1+ 36. Rxe1 Rxe1+ 37. Qxe1 Qf5 38. Qe8+ Kg7 39. Qb8 Qb1+ 40. Kg2 Qxb2 41. Qxa7 h5 42. Qe7 Qf6 43. Qe4 h4 44. f3 Qb2+ 45. Kf1 g3 0-1

[Event "Online Olym Div3 D"]
[Site "Chess.com INT"]
[Date "2021.08.29"]
[Round "9.3"]
[White "Matola, Ernest"]
[Black "Cueto Chajtur, Johny"]
[Result "0-1"]
[WhiteElo "1950"]
[BlackElo "2241"]
[PlyCount "88"]
[EventDate "2021.08.27"]
[EventType "team-tourn (rapid)"]
[EventRounds "9"]
[EventCountry "USA"]
[SourceTitle "CBM 204 Extra"]
[Source "ChessBase"]
[SourceDate "2021.11.30"]
[SourceVersion "1"]
[SourceVersionDate "2021.11.30"]
[SourceQuality "1"]
[WhiteTeam "Malawi"]
[BlackTeam "Bolivia"]
[WhiteTeamCountry "MWI"]
[BlackTeamCountry "BOL"]

1. Nf3 d6 2. g3 e5 3. d3 f5 4. Bg2 Nf6 5. 0-0 g6 6. Nbd2 Bg7 7. e4 0-0 8. c3 Kh8 9. Re1 f4 10. gxf4 Nh5 11. fxe5 Nf4 12. exd6 Nc6 13. d4 Bg4 14. dxc7 Qf6 15. e5 Qf5 16. Re3 Bh6 17. Qe1 Nxg2 18. Kxg2 Bxe3 19. Qxe3 Ne7 20. Nh4 Qh5 21. h3 Qxh4 22. hxg4 Nd5 23. Qg3 Nf4+ 24. Kf1 Qh1+ 25. Qg1 Qh3+ 26. Ke1 Nd3+ 27. Ke2 Rxf2+ 28. Qxf2 Nxf2 29. Kxf2 Rf8+ 30. Ke2 Qxg4+ 31. Kd3 Qd7 32. Ne4 Rf1 33. Nd2 Rh1 34. Ne4 Qxc7 35. c4 Qd7 36. d5 Qf5 37. Kd4 Rh4 38. b3 Rxe4+ 39. Kc5 Qxe5 40. Rb1 Qc7+ 41. Kb4 Qb6+ 42. Kc3 a5 43. Bb2 Kg8 44. Rf1 Qd4+ 0-1

[Event "Online Olym Div3 D"]
[Site "Chess.com INT"]
[Date "2021.08.28"]
[Round "6.5"]
[White "Matola, Ernest"]
[Black "Jean Louis, Marckens"]
[Result "1-0"]
[WhiteElo "1950"]
[BlackElo "2053"]
[PlyCount "131"]
[EventDate "2021.08.27"]
[EventType "team-tourn (rapid)"]
[EventRounds "9"]
[EventCountry "USA"]
[SourceTitle "CBM 204 Extra"]
[Source "ChessBase"]
[SourceDate "2021.11.30"]
[SourceVersion "1"]
[SourceVersionDate "2021.11.30"]
[SourceQuality "1"]
[WhiteTeam "Malawi"]
[BlackTeam "Haiti"]
[WhiteTeamCountry "MWI"]
[BlackTeamCountry "HAI"]

1. Nf3 c6 2. g3 d5 3. Bg2 Nf6 4. 0-0 Qc7 5. d3 e5 6. Nbd2 Bd6 7. e4 0-0 8. c3 Bg4 9. Qc2 Nbd7 10. h3 Bxf3 11. Nxf3 Rad8 12. Re1 Nc5 13. b4 Ne6 14. Qb3 dxe4 15. dxe4 Be7 16. a4 Rd7 17. Nh4 Rfd8 18. Nf5 Bf8 19. Be3 g6 20. Nh4 b6 21. a5 c5 22. axb6 axb6 23. b5 Rd3 24. Bf1 R3d7 25. f3 Nh5 26. Kh2 Be7 27. Ng2 Kg7 28. Bc4 Rd6 29. Ra6 Bg5 30. Bxe6 Bxe3 31. Bd5 Bf2 32. Rea1 Bxg3+ 33. Kg1 Qe7 34. Ra7 R8d7 35. Rxd7 Rxd7 36. Ra6 Qf6 37. c4 Qg5 38. Qd1 Nf4 39. Nxf4 Bxf4+ 40. Kf1 Rd6 41. Ra7 Rf6 42. Qe2 Bd2 43. Ra3 Bb4 44. Rd3 Qg3 45. Qf2 Qxh3+ 46. Ke2 Rf4 47. Bc6 h5 48. Bd7 f5 49. exf5 gxf5 50. Qg1+ Kf7 51. Bc6 Rd4 52. Bd5+ Kf6 53. Rxd4 cxd4 54. Qg8 Qh2+ 55. Kf1 Qh1+ 56. Kf2 Qe1+ 57. Kg2 Qe2+ 58. Kg1 d3 59. Qh8+ Kg5 60. Qg7+ Kh4 61. Qf6+ Kg3 62. Qg5+ Kh3 63. Qxh5+ Kg3 64. Qg5+ Kh3 65. Qxf5+ Kg3 66. Qg4# 1-0